Drapeaux avec le plus de blanc - Statistiques

Statistiques générales
  • Ce quiz a été pris 54 fois
  • Le résultat moyen est 7 sur 16
Statistiques - réponses
% Blanc Pays % Correct
81.0% Japon
92%
50.0% Indonésie
61%
50.0% Monaco
61%
50.0% Pologne
59%
89.7% Chypre
55%
78.4% Corée du Sud
47%
60.6% Finlande
41%
83.6% Afghanistan
37%
45.5% Grèce
37%
52.7% Singapour
37%
47.6% Algérie
35%
47.4% Malte
35%
58.1% Uruguay
29%
63.9% Israël
24%
64.1% Géorgie
22%
47.6% Panama
8%
Aucun quiz correspondant
Distribution des résultats
% des personnes avec chaque résultat
Percentile par nombre de réponses
Votre historique - résultats
Vous n’avez pas pris ce quiz